000 01267nam a22002777a 4500
001 TZ 0005
003 gtcocun
005 20250924195159.0
006 a||||gr|||| 00| 0
007 ta
008 250924b1996 gt ||||| m||| 00| 0 eng d
040 _agtcocun
_bSPA
_cgtcocun
_eRDA
041 _aSPA TZ 0005
084 _0TZ 0005
100 _aRamírez González, Omar Alexander
_eAutor
245 _aRESPUESTA DEL PASTO KIKUYU (Pennisetum clandestinum Ch.) A LA FERTILIZANTE ORGANICA E INORGANICA BAJO CONDICIONES DE LA FINCA CHISAC EN EL MUNICIPIO DE TACTIC, ALTA VERAPAZ./
_cOmar Alexander Ramírez González.
_hImpreso
264 _aCobán, Alta Verapaz:
_bUniversidad de San Carlos de Guatemala, Centro Universitario del Norte, Zootecnia
_c1996
300 _a37 p.:
_bIlustraciones, gráficas.
_c28 cm;
502 _eTZ 0005
502 _aTesis de grado
_bZootecnia,
_cUniversidad de San Carlos de Guatemala, Centro Universitario del Norte, Zootecnia
_d1996
_oTZ 0005
650 1 4 _2LEMB
_aTactic, Alta Verapaz.
_xZootecnia
_xSolubilidad
_xFertilizante
_xGallinaza
_xPrecipitación pluvial
700 _eAsesor
856 _uSin archivo en línea.
_zSin archivo en línea.
942 _2ddc
_cTES
_iTZ 0005
_kClasificación
_n0
_6TZ_0005_000000000000000
999 _c2137
_d2137